How to be happy in an unhappy world. (Record no. 13030)

000 -LEADER
fixed length control field 00597nam a2200193 a 4500
001 - CONTROL NUMBER
control field :::00010848$&:&@@
003 - CONTROL NUMBER IDENTIFIER
control field OkBaRHE
005 - DATE AND TIME OF LATEST TRANSACTION
control field 20100401170527.0
008 - FIXED-LENGTH DATA ELEMENTS--GENERAL INFORMATION
fixed length control field s1983 j 000 0 eng u
040 ## - CATALOGING SOURCE
Transcribing agency
100 1# - MAIN ENTRY--PERSONAL NAME
Personal name Prater, Arnold.
245 10 - TITLE STATEMENT
Title How to be happy in an unhappy world.
260 ## - PUBLICATION, DISTRIBUTION, ETC. (IMPRINT)
Place of publication, distribution, etc Nashville, TN., :
Name of publisher, distributor, etc T. Nelson
Date of publication, distribution, etc 1983
300 ## - PHYSICAL DESCRIPTION
Extent 141 p. ;
Dimensions 21 cm.
650 ## - SUBJECT ADDED ENTRY--TOPICAL TERM
Topical term or geographic name as entry element Christian Life
General subdivision Methodist Authors
650 ## - SUBJECT ADDED ENTRY--TOPICAL TERM
Topical term or geographic name as entry element Happiness
942 ## - ADDED ENTRY ELEMENTS (KOHA)
Source of classification or shelving scheme
Koha item type Books
Copies
Permanent Location Damaged status Date last seen Copy number Date acquired Not for loan Full call number Lost status Withdrawn status Price effective from Barcode Koha item type Shelving location Source of classification or shelving scheme
RHEMA Bible Training College 2010-04-1412010-04-14 BV 4501.2 .P657 1983  2010-04-1410848BooksGeneral Stacks